Normal view
MARC view
- Naimi, Sarmad Naimi, Sepehr
Entry Corporate Name
001 - CONTROL NUMBER
- control field: 91957
003 - CONTROL NUMBER IDENTIFIER
- control field: NUST
005 - DATE AND TIME OF LATEST TRANSACTION
- control field: 20220531133858.0
008 - FIXED-LENGTH DATA ELEMENTS
- fixed length control field: 220531|| aca||aabn | a|a d
040 ## - CATALOGING SOURCE
- Original cataloging agency: NUST
- Transcribing agency: NUST
110 ## - HEADING--CORPORATE NAME
- Corporate name or jurisdiction name as entry element: Naimi, Sarmad Naimi, Sepehr
670 ## - SOURCE DATA FOUND
- Source citation: Work cat.: (NUST): Mazidi, Muhammad Ali 18480, The AVR Microcontroller and Embedded Systems:, 2014.
